Livre dans le monde 1971-1981 (Le)-Introduction a la bibliologie politique internationale (Record n. 69782)

Dettagli MARC
000 -LEADER
fixed length control field 01365nam a2200301Ia 4500
001 - CONTROL NUMBER
control field 38003
003 - CONTROL NUMBER IDENTIFIER
control field IT-RoPAU
008 - FIXED-LENGTH DATA ELEMENTS--GENERAL INFORMATION
fixed length control field 130308s9999 xx 000 0 und d
040 ## - CATALOGING SOURCE
Original cataloging agency IT-RoPAU
040 ## - CATALOGING SOURCE
Transcribing agency IT-RoPAU
041 ## - LANGUAGE CODE
Language code of text/sound track or separate title FRANCESE
999 ## - SYSTEM CONTROL NUMBERS (KOHA)
Koha Dewey Subclass [OBSOLETE] SI
100 ## - MAIN ENTRY--PERSONAL NAME
Personal name Estivals Robert
100 ## - MAIN ENTRY--PERSONAL NAME
Miscellaneous information Codice Aut. SPICS: 778
245 ## - TITLE STATEMENT
Title Livre dans le monde 1971-1981 (Le)-Introduction a la bibliologie politique internationale
245 ## - TITLE STATEMENT
Remainder of title Livre Dans le monde 1971-1981 (Le)-Introduction a la bibliologie politique Internationale
250 ## - EDITION STATEMENT
Edition statement 1a ed.
260 ## - PUBLICATION, DISTRIBUTION, ETC. (IMPRINT)
Place of publication, distribution, etc. PARIS
260 ## - PUBLICATION, DISTRIBUTION, ETC. (IMPRINT)
Name of publisher, distributor, etc. Retz
260 ## - PUBLICATION, DISTRIBUTION, ETC. (IMPRINT)
Date of publication, distribution, etc. 1983 [1° Ed.:1983 - Ed.Ling.Originale:1983]
300 ## - PHYSICAL DESCRIPTION
Extent "384 p. (prefazione: no ; testo: 384)"
500 ## - GENERAL NOTE
General note Industria dell'editoria Storia del Libro 1971/1981 Bibliologia Politica internazionale Libro in Francia Libro in Usa Libro in Giappone Libro in Svezia Libro in Jugoslavia Libro in Urss Libro in Polonia e Ungheria Libro in Cecoslovacchia Libro in Romania Libro in Bulgaria Libro nell'Africa Nera Libro in Tunisia Libro in Canada Libro in Messico Modelli Monarchici e Liberi Modelli Socialisti Modelli della Decolonizzazione Politica Teoria Generale della Bibliologia Politica Modello dominante e Dominato
650 ## - SUBJECT ADDED ENTRY--TOPICAL TERM
Topical term or geographic name as entry element INDUSTRIA DELL'EDITORIA
650 ## - SUBJECT ADDED ENTRY--TOPICAL TERM
Relator term Codice materia Spics: 6606
942 ## - ADDED ENTRY ELEMENTS (KOHA)
Koha item type LIBRO
957 ## -
-- 1
999 ## - SYSTEM CONTROL NUMBERS (KOHA)
-- 1
Dati di copia
Withdrawn status Lost status Damaged status Not for loan Home library Current library Date acquired Total Checkouts Full call number Date last seen Price effective from Koha item type Public note
    Buone Condizioni Not For Loan SPICS-MEDIATECA SPICS-MEDIATECA 08/03/2013   38003 08/03/2013 08/03/2013 LIBRO Progressivo inserimento: 28536 / N. Volumi: 1 Copie: 1 Copia Rara: SI / data import: 1 marzo 2013 - By Epidotti, Trombetti, Vaglietti.
CREDITS: SOCIETA' SAN PAOLO Via A.Severo, 58 - ROMA (RM) & PERIODICI SAN PAOLO SRL Via Giotto, 36 MILANO & CISF Via Giotto, 36 MILANO & EDIZIONI SAN PAOLO SRL,  Piazza Soncino, 5 CINISELLO BALSAMO (MI) -- ITALY